[Event "Dortmund Sparkassen op-B 44th"]
[Site "Dortmund"]
[Date "2016.07.17"]
[Round "9"]
[White "Bashylina, Luisa"]
[Black "Lohmar, Hermann"]
[Result "0-1"]
[WhiteElo "1548"]
[BlackElo "1521"]
[PlyCount "156"]
[EventDate "2016.07.09"]
[EventType "swiss"]
[EventRounds "9"]
[EventCountry "GER"]
[SourceTitle "CBM 173 Extra"]
[Source "ChessBase"]
[SourceDate "2016.08.29"]
[SourceVersion "1"]
[SourceVersionDate "2016.08.29"]
[SourceQuality "1"]

1. e4 c6 2. d4 d5 3. e5 Bf5 4. g4 Bd7 5. Nc3 e6 6. Be3 Bb4 7. Qd2 Qa5 8. Nge2 c5 9. dxc5 Bxc5 10. Bxc5 Qxc5 11. f4 Ne7 12. 0-0-0 0-0 13. h4 b5 14. h5 a5 15. h6 g6 16. Nd4 b4 17. Nce2 Rc8 18. Bh3 a4 19. Qd3 Qc4 20. Qxc4 Rxc4 21. Kb1 Nbc6 22. Rhf1 Nxd4 23. Nxd4 Nc6 24. Nb5 Ne7 25. Nd6 Rc6 26. Bg2 Rf8 27. Ne4 Bc8 28. Nf6+ Kh8 29. Rd4 Ba6 30. Rf2 Rb8 31. Rf3 Ng8 32. Nxg8 Kxg8 33. Rd2 Rd8 34. Rd4 Rb8 35. Rg3 Be2 36. f5 Rc4 37. Rxc4 dxc4 38. fxe6 Rd8 39. a3 Rd1+ 40. Ka2 b3+ 41. cxb3 cxb3+ 42. Rxb3 axb3+ 43. Kxb3 fxe6 44. Kc2 Rg1 45. Bc6 Rxg4 46. Bd7 Kf7 47. b4 Ke7 48. Ba4 Rh4 49. Bb3 Rxh6 50. a4 Rh4 51. b5 Bxb5 52. axb5 Rb4 53. Kc3 Rxb3+ 54. Kxb3 Kd7 55. Kc4 Kc7 56. Kc5 h5 57. b6+ Kb7 58. Kd6 h4 59. Kxe6 h3 60. Kf7 h2 61. e6 h1Q 62. e7 Qe1 63. e8Q Qxe8+ 64. Kxe8 g5 65. Kf7 g4 66. Kf6 g3 67. Kf5 g2 68. Kf4 g1Q 69. Ke5 Kxb6 70. Ke6 Kc6 71. Ke5 Qc5+ 72. Ke4 Qd5+ 73. Ke3 Kc5 74. Kf4 Qd4+ 75. Kf5 Kd5 76. Kg6 Ke6 77. Kg5 Qe4 78. Kh5 Kf5 0-1

[Event "Dortmund Sparkassen op-B 44th"]
[Site "Dortmund"]
[Date "2016.07.13"]
[Round "5"]
[White "Lohmar, Hermann"]
[Black "Schacht, Juergen"]
[Result "1/2-1/2"]
[WhiteElo "1521"]
[BlackElo "1535"]
[PlyCount "63"]
[EventDate "2016.07.09"]
[EventType "swiss"]
[EventRounds "9"]
[EventCountry "GER"]
[SourceTitle "CBM 173 Extra"]
[Source "ChessBase"]
[SourceDate "2016.08.29"]
[SourceVersion "1"]
[SourceVersionDate "2016.08.29"]
[SourceQuality "1"]

1. b4 Nf6 2. e3 g6 3. Bb2 Bg7 4. Nf3 b6 5. Be2 Bb7 6. 0-0 0-0 7. c4 a5 8. b5 d6 9. a4 e5 10. d3 Nbd7 11. Nfd2 Ne8 12. Nc3 f5 13. Bf3 Qc8 14. Qc2 Nef6 15. Rac1 Bxf3 16. Nxf3 Qb7 17. d4 Rae8 18. Qb3 Kh8 19. Rfd1 e4 20. Nd2 h6 21. Rc2 Re7 22. Rdc1 Rc8 23. Nd5 Nxd5 24. cxd5 Nf6 25. Rc6 Ree8 26. Qc4 Re7 27. Nb3 Ne8 28. Rc2 Bf6 29. Nc1 g5 30. Ne2 Ng7 31. Bc1 Qb8 32. Bd2 1/2-1/2

[Event "Dortmund Sparkassen op-B 44th"]
[Site "Dortmund"]
[Date "2016.07.09"]
[Round "1"]
[White "Lohmar, Hermann"]
[Black "Bartelt, Max Peter"]
[Result "1/2-1/2"]
[WhiteElo "1521"]
[BlackElo "1761"]
[PlyCount "84"]
[EventDate "2016.07.09"]
[EventType "swiss"]
[EventRounds "9"]
[EventCountry "GER"]
[SourceTitle "CBM 173 Extra"]
[Source "ChessBase"]
[SourceDate "2016.08.29"]
[SourceVersion "1"]
[SourceVersionDate "2016.08.29"]
[SourceQuality "1"]

1. b4 e6 2. Bb2 Nf6 3. b5 a6 4. a4 axb5 5. axb5 Rxa1 6. Bxa1 c6 7. e3 d5 8. Nf3 Be7 9. Be2 0-0 10. 0-0 c5 11. c4 b6 12. d4 Bb7 13. Nbd2 dxc4 14. Nxc4 Qc7 15. Nfe5 Nbd7 16. Bf3 Bd5 17. Qe2 Rd8 18. Rd1 Nxe5 19. Nxe5 Nd7 20. Nc6 Bxc6 21. Bxc6 Nb8 22. Be4 Nd7 23. Bc6 Nf6 24. e4 cxd4 25. Rxd4 Rxd4 26. Bxd4 e5 27. Be3 Bd6 28. Bg5 Nd7 29. Qg4 Nf8 30. h4 Be7 31. Be3 Kh8 32. h5 h6 33. Qf5 Bf6 34. Bxh6 gxh6 35. Qxf6+ Kh7 36. Kh2 Ne6 37. g4 Ng5 38. Kg3 Qa7 39. f3 Qa1 40. Kf2 Qb2+ 41. Ke1 Qc1+ 42. Ke2 Qc2+ 1/2-1/2

[Event "Ruhrgebiet Verbandsliga1 1011"]
[Site "Nordrheinwestfalen"]
[Date "2011.04.10"]
[Round "9.8"]
[White "Lohmar, Hermann"]
[Black "Kuttnick, Helmut"]
[Result "0-1"]
[WhiteElo "1541"]
[BlackElo "1841"]
[PlyCount "78"]
[EventDate "2011.09.12"]
[EventType "team-tourn"]
[EventRounds "9"]
[EventCountry "GER"]
[SourceTitle "EXT 2020"]
[Source "ChessBase"]
[SourceDate "2019.10.17"]
[SourceVersion "1"]
[SourceVersionDate "2019.10.17"]
[SourceQuality "1"]
[WhiteTeam "Muelheim SC"]
[BlackTeam "Dortmund SV"]
[WhiteTeamCountry "GER"]
[BlackTeamCountry "GER"]

1. Nc3 c5 2. Nf3 e6 3. e4 a6 4. a4 Nc6 5. Bc4 Qc7 6. 0-0 Nf6 7. d3 Be7 8. Re1 d6 9. Bf4 0-0 10. e5 Ne8 11. exd6 Bxd6 12. Bxd6 Nxd6 13. Bb3 Nf5 14. Ne4 Ncd4 15. Nxd4 Nxd4 16. Ba2 Bd7 17. Rc1 Bxa4 18. b3 Bd7 19. c3 Nf5 20. Bb1 Ne7 21. Re3 Nf5 22. Re1 Nd6 23. d4 Nxe4 24. Bxe4 Bc6 25. Bxh7+ Kxh7 26. Qh5+ Kg8 27. Re3 Qf4 28. Qxc5 g6 29. Rce1 Rac8 30. Qa5 Rcd8 31. Qa1 Rd5 32. Rf3 Qh6 33. Ree3 Rfd8 34. Rh3 Rh5 35. Rxh5 Qxh5 36. c4 Qg4 37. d5 exd5 38. Qe1 dxc4 39. Rg3 Rd1 0-1